Establishing conversion values for new currency unions method and application to the planned Gulf Cooperation Council (GCC) currency union /

Bibliographic Details
Main Author: Krueger, Russell C.
Corporate Authors: International Monetary Fund. Statistics Dept., ProQuest (Firm)
Other Authors: Kamar, Bassem., Carlotti, Jean-Etienne.
Format: Electronic eBook
Language:English
Published: [Washington, D.C.] : International Monetary Fund,Statistics Dept., 2009.
Series:IMF working paper ; WP/09/184.
Subjects:
Online Access:Click to View
LEADER 01686nam a2200397Ia 4500
001 EBC1608425
003 MiAaPQ
005 20200520144314.0
006 m o d |
007 cr cn|||||||||
008 100910s2009 dcua s i000 0 eng d
035 |a (MiAaPQ)EBC1608425 
035 |a (Au-PeEL)EBL1608425 
035 |a (CaPaEBR)ebr10369306 
035 |a (OCoLC)870245394 
040 |a MiAaPQ  |c MiAaPQ  |d MiAaPQ 
050 4 |a HG1212  |b .K784 2009 
100 1 |a Krueger, Russell C. 
245 1 0 |a Establishing conversion values for new currency unions  |h [electronic resource] :  |b method and application to the planned Gulf Cooperation Council (GCC) currency union /  |c prepared by Russell Krueger, Bassem Kamar, and Jean-Etienne Carlotti. 
260 |a [Washington, D.C.] :  |b International Monetary Fund,Statistics Dept.,  |c 2009. 
300 |a 59 p. :  |b ill. 
490 1 |a IMF working paper ;  |v WP/09/184 
500 |a "August 2009." 
533 |a Electronic reproduction. Ann Arbor, MI : ProQuest, 2015. Available via World Wide Web. Access may be limited to ProQuest affiliated libraries. 
650 0 |a Monetary unions  |z Persian Gulf States. 
650 0 |a Currency question  |z Persian Gulf States. 
650 0 |a Monetary policy  |z Persian Gulf States. 
650 0 |a Foreign exchange rates  |z Persian Gulf States. 
650 0 |a Dollar, American. 
655 4 |a Electronic books. 
700 1 |a Kamar, Bassem. 
700 1 |a Carlotti, Jean-Etienne. 
710 2 |a International Monetary Fund.  |b Statistics Dept. 
710 2 |a ProQuest (Firm) 
830 0 |a IMF working paper ;  |v WP/09/184. 
856 4 0 |u https://ebookcentral.proquest.com/lib/matrademy/detail.action?docID=1608425  |z Click to View